| 000 | 01415nam a2200265Ia 4500 | ||
|---|---|---|---|
| 999 |
_c48593 _d48593 |
||
| 001 | 15493 | ||
| 003 | GE_BSU | ||
| 005 | 20241125170522.0 | ||
| 008 | 181216s2014||||ge |||||||||||||| ||geo|| | ||
| 020 | _a9789941928352 | ||
| 040 | _cGE_BSU | ||
| 041 | _ageo | ||
| 080 | _a821.133.1-31 პ-27 | ||
| 100 |
_aპენაკი, დანიელ _913731 |
||
| 245 |
_aკაციჭამიათა საბედნიეროდ : _b რომანი / _cდანიელ პენაკი ; ფრანგ. თარგმნა მანანა ბოსტოღანაშვილმა ; ყდის დიზაინი ნინო ხოსრუაშვილი. |
||
| 264 |
_aთბილისი : _bაგორა, _c2014. |
||
| 300 |
_a343 გვ. ; _c17 სმ. |
||
| 500 | _aგამოიცა ფრანგული ინ-ტის საგამომცემლო დახმარების პროგრამის ფარგლებში | ||
| 500 | _a შენიშვნები : გვ. 341-343 | ||
| 653 | _aკაციჭამიათა საბედნიეროდ | ||
| 653 | _aრომანი | ||
| 700 |
_aბოსტოღანაშვილი, მ. _e მთარგმნელი _923791 |
||
| 700 |
_aხოსრუაშვილი, ნ. _eყდის დიზაინერი _923792 |
||
| 942 |
_cBK _2udc |
||